000 00569nam a2200181 i 4500
001 127883
003 ES-MaACL
005 20250901200228.0
007 t|
008 070214s1918 sp r ||||1| spa d
100 1 _aRivera Pastor, Francisco,
_d1878-1936
_997663
245 1 0 _aLógica de la libertad
_b: principios de la doctrina del Derecho /
_cFrancisco Rivera y Pastor.
260 _aMadrid :
_b[s. n.],
_c1918 (
_fTip. Artística)
300 _a222 p. ;
_c22 cm.
650 0 4 _aLibertad.
_914400
852 _aES-MaACL
_jF-1579
999 _c127883
_d127883